| 000 | 02623nmm a22004217a 4500 | ||
|---|---|---|---|
| 003 | CHAP | ||
| 005 | 20240606092631.0 | ||
| 007 | co ag |||aaaaa | ||
| 008 | 000731s1992 mx | e 10 spa d | ||
| 010 | _a81895 | ||
| 011 | _a82867 | ||
| 020 | _q968-29-5699-4 (Segunda edición, 1993) | ||
| 035 | _a93372 | ||
| 040 | _cCHAP | ||
| 041 | _aspa | ||
| 090 | _aCD-14 | ||
| 110 | 1 |
_aConsejo Nacional para la Cultura y las Artes. México _927328 |
|
| 245 | 1 | 0 |
_aCIBIMEX : _h[disco compacto] _bCentro de Información Bibliográfica Mexicana / _cpor Consejo Nacional par la Cultura y las Artes. Centro de Información Bibliográfica Mexicana |
| 264 | 1 |
_aMéxico, D. F. : _bConsejo Nacional para la Cultura y las Artes. Dirección General de Publicaciones, _c1992- |
|
| 300 |
_a1 disco compacto (CD) : _c4 3/4 pulgadas (12cm.) _e+ 1 instructivo. |
||
| 336 |
_2rdacontent _aconjunto de datos de la computadora _bcod |
||
| 337 |
_2rdamedia _aordenador _bc |
||
| 338 |
_2rdacarrier _adisco de computadora _bcd |
||
| 500 | _aLa biblioteca tiene: 1970-92, 1970-93 | ||
| 516 | _aDatos bibliográficos. | ||
| 520 | _aLa segunda edición del disco compacto Cibimex contiene mas 162 000 títulos de la bibliografía nacional de 1970 a la fecha. Ademas incluye tres directorios que funcionan como guía para los usuarios del sistema de recuperación de Cibimex. Editores permite la consulta con cualquier editor sobre la existencia de los títulos obtenidos en el banco de datos del sistema. Librerías. Contiene direcciones y teléfonos de diferentes librerías, lo cual facilita al usuario la adquisición de algún libro. Bibliotecas. Incluye direcciones y teléfonos de las bibliotecas centrales de los títulos que ya no están en el mercado. | ||
| 538 | _aIstalación del sistema : Para hacer uso de la Bibliografía mexicana en disco compacto Cibimex V.2.0, que consta de 162 000 registros, es necesario instalar en disco duro el software Cibimex, que nos permita el acceso a esta información para lo cual se requiere: 1. Coloque el disco compacto en el manejador. 2. Ubicarse en el drive del disco compacto (por ejemplo, teclear F: <enter>. 3. Teclear INSTALA <enter>. | ||
| 546 | _aTexto en español. | ||
| 590 |
_aBATCH-UPD _b10 _c20130110 |
||
| 590 |
_aBATCH-UPD _b10 _c20130410 |
||
| 590 |
_aBATCH-UPD _b10 _c20130914 |
||
| 590 |
_aCONVERSION _b10 _c20130109 |
||
| 650 | 1 | 4 |
_aBibliografía nacional _xMéxico. _912203 |
| 905 | _aMarco A. Mendoza T. | ||
| 942 |
_cCD _2local |
||
| 949 |
_aCD-14 (1970-92) _bBC _cCD _d33724000784021 _eCD _i93372 _sb |
||
| 949 |
_aCD-14 (1970-93) _bBC _cCD _d33724000784773 _eCD _i93372 _sb |
||
| 999 |
_c81895 _d81895 |
||